000 00415nam a2200193Ia 4500
001 12314
003 GE_BSU
008 181216s||||||||xx |||||||||||||| ||und||
040 _cGE_BSU
080 _a821.111-31
100 _aCookson,Catherine
245 _aLove and Mary Ann
260 _aLondon
260 _bCorgi books
260 _c1979
300 _a189p.18cm.
653 _aLove and Mary Ann
942 _cBK
999 _c45489
_d45489